| 000 -LEADER |
| fixed length control field |
00782cam a2200265 a 4500 |
| 001 - CONTROL NUMBER |
| control field |
145465 |
| 003 - CONTROL NUMBER IDENTIFIER |
| control field |
OSt |
| 005 - DATE AND TIME OF LATEST TRANSACTION |
| control field |
20180921 |
| 008 - FIXED-LENGTH DATA ELEMENTS--GENERAL INFORMATION |
| fixed length control field |
0000001974 pr 0000000000 00 |
| 040 ## - CATALOGING SOURCE |
| Original cataloging agency |
DLC |
| Transcribing agency |
DLC |
| 100 ## - ASIENTO PRINCIPAL -- NOMBRE PERSONAL |
| Personal name |
Mendoza Tió, Carlos F. |
| 245 ## - TÍTULO PROPIAMENTE DICHO: SUBTÍTULO |
| Title |
Contribución al estudio de la obra poética de Lola Rodríguez de Tió : 1843 - 1924 / |
| Statement of responsibility, etc. |
Contribución al estudio de la obra poética de Lola Rodríguez de Tió : 1843 - 1924 / |
| 260 ## - PUBLICATION, DISTRIBUTION, ETC. |
| Place of publication, distribution, etc. |
San Juan, Puerto Rico : |
| Name of publisher, distributor, etc. |
[s. n.] |
| 300 ## - PHYSICAL DESCRIPTION |
| Extensión |
462p. |
| 504 ## - BIBLIOGRAPHY, ETC. NOTE |
| Bibliography, etc. note |
Incluye índice |
| 650 ## - ASIENTO SECUNDARIO DE MATERIA -- TERMINO TEMÁTICO |
| Termino Temático Como Elemento de Entrada |
LITERATURA PUERTORRIQUEÑA |
| -- |
POESIA PUERTORRIQUEÑA |
| 942 ## - ADDED ENTRY ELEMENTS (KOHA) |
| Source of classification or shelving scheme |
|
| Koha item type |
Libros |